[Event "Munich Youngsters IM Challenge"]
[Site "Munich"]
[Date "2023.10.12"]
[Round "8"]
[White "Loeffler, Stefan"]
[Black "Gut, Raphael"]
[Result "1/2-1/2"]
[WhiteElo "2332"]
[BlackElo "2022"]
[PlyCount "112"]
[EventDate "2023.10.08"]
[EventType "team-tourn"]
[EventRounds "9"]
[EventCountry "GER"]
[SourceTitle "Mega2024 Update 01"]
[Source "Chessbase"]
[SourceDate "2023.11.12"]
[SourceVersion "1"]
[SourceVersionDate "2023.11.12"]
[SourceQuality "1"]
[WhiteTeam "Challenger II"]
[BlackTeam "Challenger III"]
[WhiteTeamCountry "GER"]
[BlackTeamCountry "SUI"]

1. Nf3 Nf6 2. c4 g6 3. d4 Bg7 4. e3 0-0 5. Be2 c5 6. d5 d6 7. Nc3 Bg4 8. 0-0 Na6 9. e4 Nc7 10. Be3 Nd7 11. Qd2 a6 12. Rab1 b5 13. cxb5 axb5 14. b4 Na6 15. a3 cxb4 16. axb4 Bxf3 17. Bxf3 Qb8 18. Be2 Nc7 19. Bd4 Nf6 20. Bd3 Qb7 21. Qe2 Rfb8 22. Ra1 e6 23. Qf3 Nh5 24. Bxg7 Nxg7 25. dxe6 Ngxe6 26. h4 h5 27. Qg3 Qb6 28. Rxa8 Rxa8 29. Nd5 Nxd5 30. exd5 Ng7 31. Rc1 Qd4 32. Rc6 Qxb4 33. Rxd6 Qe1+ 34. Kh2 b4 35. Qf4 b3 36. Rd7 Rf8 37. Qf6 Qe8 38. Rb7 Qa8 39. Qe7 Qa4 40. Qb4 Qxb4 41. Rxb4 Rd8 42. Be4 Nf5 43. g3 Kg7 44. Rxb3 Kf6 45. Rf3 Ke5 46. Bxf5 gxf5 47. Re3+ Kf6 48. Rd3 Ke5 49. Kg2 Rxd5 50. Rxd5+ Kxd5 51. f3 Kd4 52. Kf2 Ke5 53. Ke2 Kd4 54. Kd2 Kd5 55. Ke3 Ke5 56. Kd3 Kd5 1/2-1/2

[Event "Munich Youngsters IM Challenge"]
[Site "Munich"]
[Date "2023.10.11"]
[Round "6"]
[White "Hartge, Gedeon"]
[Black "Gut, Raphael"]
[Result "1/2-1/2"]
[WhiteElo "2228"]
[BlackElo "2022"]
[PlyCount "113"]
[EventDate "2023.10.08"]
[EventType "team-tourn"]
[EventRounds "9"]
[EventCountry "GER"]
[SourceTitle "Mega2024 Update 01"]
[Source "Chessbase"]
[SourceDate "2023.11.12"]
[SourceVersion "1"]
[SourceVersionDate "2023.11.12"]
[SourceQuality "1"]
[WhiteTeam "Challenger IV"]
[BlackTeam "Challenger III"]
[WhiteTeamCountry "GER"]
[BlackTeamCountry "SUI"]

1. e4 c5 2. Nf3 d6 3. d4 cxd4 4. Nxd4 Nf6 5. Nc3 a6 6. Be3 e5 7. Nf3 Be7 8. Bc4 Qc7 9. Qe2 0-0 10. 0-0 b5 11. Bb3 Bb7 12. Bg5 Nbd7 13. Rfd1 Nb6 14. a3 Rac8 15. Nh4 g6 16. Nf3 Nc4 17. Bxc4 bxc4 18. Nd2 Rfd8 19. Nf1 Nh5 20. Bxe7 Qxe7 21. Ne3 Qg5 22. Ncd5 Bxd5 23. Nxd5 Nf4 24. Nxf4 Qxf4 25. c3 Rc6 26. g3 Qf6 27. Rd5 Rb8 28. Rad1 Kg7 29. R1d2 Rcb6 30. Kg2 Rc6 31. h4 h5 32. Qd1 Qe7 33. a4 Rcb6 34. Rxd6 Rxd6 35. Rxd6 Rxb2 36. Qd5 Rc2 37. Rxa6 Rxc3 38. Rc6 Rd3 39. Qxc4 Rd4 40. Qb5 Rxe4 41. a5 Qb4 42. Qd5 Qd4 43. Qxd4 exd4 44. Rd6 Re5 45. a6 Ra5 46. Kf3 d3 47. Ke3 Ra3 48. Kd2 Kf8 49. Rb6 Kg7 50. Rc6 Kf8 51. Rc8+ Kg7 52. Rc6 Kf8 53. Ke3 Kg7 54. Rd6 Kf8 55. Rd8+ Kg7 56. Rxd3 Rxa6 57. Kf3 1/2-1/2

[Event "Munich Youngsters IM Challenge"]
[Site "Munich"]
[Date "2023.10.09"]
[Round "3"]
[White "Gut, Raphael"]
[Black "Plat, Vojtech"]
[Result "0-1"]
[WhiteElo "2022"]
[BlackElo "2503"]
[PlyCount "84"]
[EventDate "2023.10.08"]
[EventType "team-tourn"]
[EventRounds "9"]
[EventCountry "GER"]
[SourceTitle "Mega2024 Update 01"]
[Source "Chessbase"]
[SourceDate "2023.11.12"]
[SourceVersion "1"]
[SourceVersionDate "2023.11.12"]
[SourceQuality "1"]
[WhiteTeam "Challenger III"]
[BlackTeam "Meister"]
[WhiteTeamCountry "SUI"]
[BlackTeamCountry "GER"]

1. d4 d6 2. c4 e5 3. Nc3 exd4 4. Qxd4 Nf6 5. b3 g6 6. Bb2 Bg7 7. g3 0-0 8. Bg2 Re8 9. Qd2 a5 10. Nf3 Nbd7 11. 0-0 Nc5 12. Rad1 a4 13. b4 a3 14. Ba1 Na6 15. Nd5 Ne4 16. Qe1 Bxa1 17. Rxa1 c6 18. Nc3 Qf6 19. Nxe4 Rxe4 20. Nd2 Re5 21. Nf3 Re7 22. Qd2 Qb2 23. Qxd6 Qxb4 24. Qd8+ Kg7 25. Qd4+ f6 26. e3 Be6 27. Rac1 Qc5 28. Rfd1 Bf7 29. h4 Qxd4 30. exd4 Re2 31. d5 cxd5 32. cxd5 Rxa2 33. d6 Rd8 34. d7 Nb8 35. Bh3 Rb2 36. Rc8 Nc6 37. Nd4 a2 38. Nxc6 Rxd7 39. Rxd7 a1Q+ 40. Kg2 Qe1 41. Rxf7+ Kxf7 42. Rc7+ Kf8 0-1

[Event "Munich Youngsters IM Challenge"]
[Site "Munich"]
[Date "2023.10.08"]
[Round "1"]
[White "Gut, Raphael"]
[Black "Butenandt, Svenja"]
[Result "0-1"]
[WhiteElo "2022"]
[BlackElo "2082"]
[PlyCount "108"]
[EventDate "2023.10.08"]
[EventType "team-tourn"]
[EventRounds "9"]
[EventCountry "GER"]
[SourceTitle "Mega2024 Update 01"]
[Source "Chessbase"]
[SourceDate "2023.11.12"]
[SourceVersion "1"]
[SourceVersionDate "2023.11.12"]
[SourceQuality "1"]
[WhiteTeam "Challenger III"]
[BlackTeam "Challenger IV"]
[WhiteTeamCountry "SUI"]
[BlackTeamCountry "GER"]

1. d4 Nf6 2. c4 e6 3. Nc3 Bb4 4. e3 0-0 5. Bd2 b6 6. Nf3 Bb7 7. Bd3 d5 8. cxd5 exd5 9. 0-0 Bd6 10. Nb5 c5 11. Rc1 Ba6 12. a4 c4 13. Bb1 Bxb5 14. axb5 Qe8 15. b3 Ba3 16. bxc4 Bxc1 17. Qxc1 Qe7 18. cxd5 Nbd7 19. e4 Nxe4 20. Re1 f5 21. d6 Qxd6 22. Qc4+ Kh8 23. Bb4 Rfc8 24. Qb3 Qf4 25. g3 Qg4 26. h3 Qg6 27. Nh4 Qh5 28. Bxe4 fxe4 29. Rxe4 Rc1+ 30. Kg2 Nf6 31. Re5 Qd1 32. Qxd1 Rxd1 33. Nf3 Re8 34. Rf5 Rb1 35. Bd6 Ne4 36. Be5 Kg8 37. Rf4 Nc3 38. Rg4 g6 39. h4 Rxb5 40. h5 Re6 41. Nh4 Kf7 42. hxg6+ hxg6 43. Rf4+ Ke8 44. Rg4 Nd1 45. Nxg6 Rb2 46. d5 Ne3+ 47. Kf3 Nxg4 48. dxe6 Nxe5+ 49. Nxe5 a5 50. g4 Ke7 51. g5 Kxe6 52. g6 Kf6 53. Kg3 Rb5 54. f4 Rxe5 0-1

[Event "Split op 12th"]
[Site "Split"]
[Date "2023.08.08"]
[Round "5"]
[White "Gut, Raphael"]
[Black "Kopylov, Daniel"]
[Result "0-1"]
[WhiteElo "2020"]
[BlackElo "2342"]
[PlyCount "70"]
[EventDate "2023.08.05"]
[EventType "swiss"]
[EventRounds "9"]
[EventCountry "CRO"]
[SourceTitle "CBM 215 Extra"]
[Source "ChessBase"]
[SourceDate "2023.09.30"]
[SourceVersion "1"]
[SourceVersionDate "2023.09.30"]
[SourceQuality "1"]

1. d4 Nf6 2. c4 g6 3. Nc3 d5 4. cxd5 Nxd5 5. e4 Nxc3 6. bxc3 Bg7 7. Be3 c5 8. Nf3 Qa5 9. Nd2 cxd4 10. Nc4 Qd8 11. cxd4 0-0 12. Rc1 b5 13. Nd2 b4 14. d5 a5 15. Nc4 Ba6 16. Nb6 Bxf1 17. Kxf1 Ra6 18. Rc8 Qd6 19. Nc4 Qd7 20. Rxf8+ Bxf8 21. Ne5 Qc7 22. f4 Bg7 23. Bd4 f6 24. Nd3 Qc4 25. Bc5 Qxe4 26. Kf2 Qxd5 27. Bxe7 Qxa2+ 28. Kg3 Re6 29. Re1 Nc6 30. Bc5 Rxe1 31. Qxe1 Kf7 32. Qd1 Qc4 33. Bb6 b3 34. Nc5 Nd4 35. Nb7 Qc3+ 0-1

[Event "Split op 12th"]
[Site "Split"]
[Date "2023.08.06"]
[Round "2"]
[White "Novosel, Lovro"]
[Black "Gut, Raphael"]
[Result "1-0"]
[WhiteElo "2383"]
[BlackElo "2020"]
[PlyCount "53"]
[EventDate "2023.08.05"]
[EventType "swiss"]
[EventRounds "9"]
[EventCountry "CRO"]
[SourceTitle "CBM 215 Extra"]
[Source "ChessBase"]
[SourceDate "2023.09.30"]
[SourceVersion "1"]
[SourceVersionDate "2023.09.30"]
[SourceQuality "1"]

1. Nf3 Nf6 2. e3 g6 3. b3 Bg7 4. Bb2 d5 5. Be2 0-0 6. 0-0 c5 7. d3 Nc6 8. Nbd2 Qc7 9. c4 d4 10. exd4 Ng4 11. h3 Nh6 12. Rb1 cxd4 13. b4 e5 14. b5 Ne7 15. Ba3 f5 16. Qb3 Bf6 17. c5+ Kh8 18. b6 Qc6 19. Nc4 Be6 20. Nfxe5 Bxe5 21. Nxe5 Bxb3 22. Nxc6 Bxa2 23. Nxe7 Bxb1 24. Rxb1 Rfe8 25. c6 axb6 26. cxb7 Rxa3 27. Nc8 1-0

[Event "SUI-ch U14"]
[Site "Biel"]
[Date "2022.07.21"]
[Round "7"]
[White "Gut, Raphael"]
[Black "Mattenberger, Matthias"]
[Result "0-1"]
[WhiteElo "1898"]
[BlackElo "2005"]
[PlyCount "62"]
[EventDate "2022.07.18"]
[EventType "swiss"]
[EventRounds "7"]
[EventCountry "SUI"]
[SourceTitle "EXT 2023"]
[Source "ChessBase"]
[SourceDate "2022.10.05"]
[SourceVersion "1"]
[SourceVersionDate "2022.10.05"]
[SourceQuality "1"]

1. d4 Nf6 2. c4 e6 3. Nc3 Bb4 4. Qc2 d5 5. a3 Bxc3+ 6. Qxc3 0-0 7. Bg5 c5 8. dxc5 d4 9. Qf3 Nbd7 10. Rd1 e5 11. e4 Nxc5 12. Bxf6 gxf6 13. b4 Ne6 14. Bd3 a5 15. Bc2 axb4 16. axb4 Qe7 17. Rb1 Rd8 18. Ne2 d3 19. Bxd3 Ra3 20. Nc1 Nf4 21. 0-0 Rdxd3 22. Nxd3 Rxd3 23. Qxd3 Nxd3 24. Rfd1 Nxb4 25. h3 Nc6 26. Rd3 Nd4 27. Ra1 Qc7 28. Ra4 Kf8 29. Rda3 Ke7 30. f3 Qb6 31. Kf1 Qb1+ 0-1

[Event "SUI-ch U14"]
[Site "Biel"]
[Date "2022.07.20"]
[Round "5"]
[White "Scherler, Julius"]
[Black "Gut, Raphael"]
[Result "0-1"]
[WhiteElo "1971"]
[BlackElo "1898"]
[PlyCount "96"]
[EventDate "2022.07.18"]
[EventType "swiss"]
[EventRounds "7"]
[EventCountry "SUI"]
[SourceTitle "EXT 2023"]
[Source "ChessBase"]
[SourceDate "2022.10.05"]
[SourceVersion "1"]
[SourceVersionDate "2022.10.05"]
[SourceQuality "1"]

1. e4 c5 2. Nf3 d6 3. d4 cxd4 4. Qxd4 Nf6 5. Be2 Nc6 6. Qe3 g6 7. 0-0 Bg7 8. h3 Be6 9. Rd1 0-0 10. Nc3 Nd7 11. b3 Qb6 12. Qxb6 Nxb6 13. Bb2 Nb4 14. e5 dxe5 15. Rac1 Bf5 16. a3 Nc6 17. g4 Be6 18. Ng5 Bh6 19. h4 Nd4 20. f3 f6 21. Nxe6 Bxc1 22. Bxc1 Nxe6 23. a4 Rfd8 24. a5 Rxd1+ 25. Nxd1 Nd7 26. Bc4 Ndf8 27. Ba3 Kg7 28. Bxe7 Re8 29. Ba3 Nd4 30. Kf2 Nfe6 31. Ne3 Nf4 32. Bc5 Nc6 33. Bb5 a6 34. Ba4 Rd8 35. Ke1 Nd4 36. Be7 Rc8 37. g5 fxg5 38. hxg5 Nxc2+ 39. Nxc2 Rxc2 40. b4 Rb2 41. Bd7 Nd3+ 42. Kd1 Nxb4 43. Bf6+ Kf7 44. f4 Rb1+ 45. Kd2 exf4 46. Ba4 Nd5 47. Kc2 Rb4 48. Bb3 Rxb3 0-1

[Event "EU-ch Online U12"]
[Site "Tornelo INT"]
[Date "2020.09.20"]
[Round "8"]
[White "Gut, Raphael"]
[Black "Borzan, Matej"]
[Result "1-0"]
[WhiteElo "1658"]
[BlackElo "1480"]
[PlyCount "99"]
[EventDate "2020.09.18"]
[EventType "swiss (rapid)"]
[EventRounds "9"]
[EventCountry "NET"]
[SourceTitle "EXT 2023"]
[Source "ChessBase"]
[SourceDate "2022.10.05"]
[SourceVersion "1"]
[SourceVersionDate "2022.10.05"]
[SourceQuality "1"]
[WhiteTeam "Schweiz"]
[BlackTeam "Croatia"]
[WhiteTeamCountry "SUI"]
[BlackTeamCountry "CRO"]

1. d4 Nf6 2. c4 g6 3. Nc3 Bg7 4. e4 d6 5. Be2 0-0 6. Be3 e5 7. d5 Nbd7 8. g4 Nc5 9. f3 a5 10. h4 h5 11. g5 Nfd7 12. Qd2 Qe7 13. Nb5 Qd8 14. Nh3 Re8 15. Nf2 Na6 16. Qxa5 b6 17. Qd2 Ndc5 18. Nd1 Bf8 19. Kf2 f5 20. gxf6 Qxf6 21. Ndc3 Bd7 22. Bg5 Qf7 23. Rag1 Bxb5 24. cxb5 Nb8 25. b4 Na4 26. Nxa4 Rxa4 27. Rg3 Kh7 28. Rhg1 Bg7 29. Be3 Nd7 30. Rxg6 Rg8 31. R1g5 Nf6 32. Bd3 Ng4+ 33. Kg3 Nxe3 34. Qxe3 Qxg6 35. Rxg6 Kxg6 36. Qg5+ Kh7 37. Qf5+ Kh6 38. Qe6+ Bf6+ 39. Qxg8 Rxa2 40. Qc8 Rd2 41. Bf1 Rd1 42. Bg2 Rg1 43. Qxc7 Bxh4+ 44. Kxh4 Rxg2 45. Qxd6+ Rg6 46. Qxe5 Kh7 47. Qxh5+ Kg7 48. e5 Rg1 49. Qg5+ Rxg5 50. Kxg5 1-0

[Event "Davos Summer op"]
[Site "Davos"]
[Date "2020.07.12"]
[Round "5"]
[White "Shatil, Shir"]
[Black "Gut, Raphael"]
[Result "1-0"]
[WhiteElo "1826"]
[BlackElo "1629"]
[PlyCount "97"]
[EventDate "2020.07.09"]
[EventType "swiss"]
[EventRounds "5"]
[EventCountry "SUI"]
[SourceTitle "CBM 197 Extra"]
[Source "ChessBase"]
[SourceDate "2020.09.30"]
[SourceVersion "1"]
[SourceVersionDate "2020.09.30"]
[SourceQuality "1"]

1. d4 d5 2. c4 e6 3. Nc3 Nf6 4. cxd5 exd5 5. Bg5 Be7 6. e3 0-0 7. Bd3 h6 8. Bh4 c6 9. Qc2 Be6 10. Nge2 Nbd7 11. 0-0 Bd6 12. Bg3 Bxg3 13. Nxg3 Re8 14. Rad1 Rc8 15. Nf5 Bxf5 16. Bxf5 Rc7 17. Rc1 Nb6 18. b3 Rce7 19. Rfe1 g6 20. Bd3 Ne4 21. Ne2 Qd6 22. Bxe4 dxe4 23. Qc5 Qxc5 24. Rxc5 Nd5 25. a3 f5 26. Nc3 Nxc3 27. Rxc3 g5 28. Kf1 Kf7 29. Rc5 Kf6 30. b4 Rd7 31. Rec1 a6 32. a4 Rc8 33. b5 axb5 34. axb5 Rd6 35. d5 f4 36. bxc6 bxc6 37. dxc6 Rc7 38. Ke2 Kg6 39. R1c4 fxe3 40. Kxe3 Re6 41. Kd4 Kf6 42. Kd5 Ke7 43. Rxe4 Rxe4 44. Kxe4 Ke6 45. f3 Kf6 46. Kd5 Ke7 47. Ke5 h5 48. Kf5 Kd6 49. Rc2 1-0